Statistics for US State Name Endings

Click here to take the quiz!

General Stats

  • This quiz has been taken 33 times
  • The average score is 20 of 24

Answer Stats

HintAnswer% Correct
Start and end with an 'A'.Alabama
97%
Alaska
97%
Arizona
93%
Ohio
93%
Idaho
90%
Rhode Island
90%
End with a 'D'.Maryland
87%
Ends with an 'H'.Utah
87%
Washington
87%
End with a 'Y'.Kentucky
83%
End with an 'N'.Michigan
83%
Ends with a 'K'.New York
83%
Oregon
83%
Ends with a 'G'.Wyoming
83%
End with an 'O'.Colorado
80%
End with an 'E'.Delaware
80%
Vermont
80%
End with a 'T'.Connecticut
77%
New Hampshire
77%
New Jersey
77%
New Mexico
77%
Wisconsin
77%
Maine
73%
Tennessee
73%

Score Distribution

Percentile by Number Answered

Percent of People with Each Score

Your Score History

You have not taken this quiz